| 000 | 00490nam a2200181Ia 4500 | ||
|---|---|---|---|
| 001 | 8548 | ||
| 005 | 20260306160617.0 | ||
| 008 | 260306t2002||||xx |||||||||||||| ||spa|| | ||
| 041 | _aESP | ||
| 082 |
_a371.1023 _bM26 |
||
| 100 |
_aMarco Valle, Eduardo _eAUT |
||
| 245 | 0 |
_aAprender a ser personas: _btutorías de tercer ciclo de primaria y primer ciclo de secundaria |
|
| 260 | _c2002 | ||
| 300 |
_a156 páginas : _c24 cm. |
||
| 650 | _aGEN | ||
| 654 | _aCED | ||
| 942 |
_cLIB _dJUS _fJUS _2ddc _n |
||
| 999 |
_c8548 _d8548 |
||